000 00793nam a2200253Ia 4500
003 OSt
005 20220918171504.0
006 a|||||r|||| 00| 0
007 ta
008 220917b |||||||| |||| 00| 0 eng d
020 _a9781844672004 (pbk)
_c1459.46
024 _a239,067
037 _b5182, 11/12/2008, Efficient Book Distributors
_cTextual
040 _aARTS
_cARTS
_beng
041 _2eng
_aeng
082 _aX:3M24xM18:g, P8
100 _aMartin James Ed.
_936931
245 0 _aPoulantzas reader
_b Marxism, law and the state
260 _aLondon
_bVerso UK
_c2008
300 _avii,437p.
_ccm.
650 _aECONOMICS
942 _hX:3M24xM18:g, P8
_cTEXL
_2CC
999 _c139822
_d139822